Interrelationship of morphological traits in ful-sib and half-sib progenies of Hevea brasiliensis (Record no. 49251)

MARC details
000 -LEADER
fixed length control field 00593nam a2200157Ia 4500
100 ## - MAIN ENTRY--AUTHOR NAME
Personal name Gireesh T
245 #0 - TITLE STATEMENT
Title Interrelationship of morphological traits in ful-sib and half-sib progenies of Hevea brasiliensis
260 ## - PUBLICATION, DISTRIBUTION, ETC. (IMPRINT)
Name of publisher International Conference on Plant Biosystematics ICPB 2013, 22-24 January 2013, Department of Botany, S.B College, Changanassery, India, Abstracts, pp. 20-21.
650 ## - SUBJECT ADDED ENTRY--TOPICAL TERM
Topical Term Hevea brasiliensis
650 ## - SUBJECT ADDED ENTRY--TOPICAL TERM
Topical Term Morphological traits
700 ## - ADDED ENTRY--PERSONAL NAME
Personal name Mydin K.K
700 ## - ADDED ENTRY--PERSONAL NAME
Personal name Pravitha M
700 ## - ADDED ENTRY--PERSONAL NAME
Personal name Vinod K.K
942 ## - ADDED ENTRY ELEMENTS (KOHA)
Koha item type Bibliography STAF
Holdings
Withdrawn status Lost status Damaged status Not for loan Home library Current library Shelving location Date acquired Koha item type
      Bibliography RRII Library RRII Library Botany 01/01/2019 Bibliography STAF